[Event "Final"]
[Site "?"]
[Date "2009.06.07"]
[Round "1.1"]
[White "Ivanchuk, Vassily"]
[Black "Carlsen, Magnus"]
[Result "1/2-1/2"]
[WhiteElo "2746"]
[BlackElo "2770"]
[PlyCount "101"]
[EventDate "2009.06.07"]
[EventType "tourn"]
[EventRounds "4"]
[SourceDate "2009.06.07"]

{Vassily Ivanchuk  y Magnus Carlsen protagonizan la final del XXII Torneo
Magistral Ciudad de León: el futuro del ajedrez  que encarna mejor que nadie 
el GM noruego de 18 años, se enfrenta a un  jugador, que a sus cuarenta años, 
lleva más de veinte maravillando al mundo con sus partidas.   Ivanchuk,
campeón en León en 2008 y Campeón del Mundo de Blitz en 2007, es, quizás con
Anand, el mejor jugador del mundo en partidas a ritmos rápidos, con Carlsen se
ha enfrentado doce veces en esta clase de encuentros y el resultado le
favorece: 3 victorias, 8 empates y una sola derrota.  Carlsen por su parte
aventaja al ucraniano en partidas disputadas a ritmo clásico por cuatro
victorias a dos y diez empates.} 1. e4 c5 2. Nf3 d6 3. d4 cxd4 4. Nxd4 Nf6 5.
Nc3 g6 6. Be3 Bg7 7. f3 Nc6 8. Qd2 O-O {La variante dragon de la siciliana era
muy posible en esta primera partida ya que Carlsen la emplea mucho.} 9. O-O-O {
9.Ac4 es la otra gran posibilidad,evitando la jugada del negro en la partida.}
d5 10. exd5 ({Le habian jugado anteriormente a Magnus:} 10. Qe1 e5 11. Nxc6
bxc6 12. exd5 cxd5 13. Bg5 Be6 14. Bc4 Qc7 15. Bxf6 dxc4 16. Bxg7 Kxg7 17. Nd5
Bxd5 18. Rxd5 Rfe8 19. Qc3 Kg8 20. Qa5 Qe7 21. Re1 Qh4 22. Rdxe5 Rxe5 23. Qxe5
Rd8 24. h3 c3 25. Qxc3 Qg5+ 26. f4 Qxg2 27. b3 {Con mucha ventaja de las
blancas,aunque Carlsen aguantó hasta las tablas en 65 jugadas. Leko,P (2741)
-Carlsen,M (2765) Miskolc 2008.}) 10... Nxd5 11. Nxc6 bxc6 12. Bd4 Bxd4 13.
Qxd4 Qb6 14. Na4 Qc7 (14... Qa5 15. b3 Qc7 16. h4 h5 17. Re1 Nb6 18. Nc3 Rd8
19. Qe5 Qd6 20. Kb2 Bf5 21. Ba6 Qxe5 22. Rxe5 Rd2 23. Re2 Rad8 {con clara
igualdad  1/2-1/2 Leko,P (2747)-Radjabov,T (2751) Elista 2008.}) 15. Bc4 {
Novedad.} ({Es interesante la única partida jugada hasta este momento.} 15. h4
Rb8 16. b3 h5 17. c4 Nf6 18. Bd3 Rd8 19. Qe3 Be6 20. Bxg6 Bxc4 21. Bc2 Rxd1+
22. Rxd1 Bd5 23. Qg5+ Kf8 24. Qh6+ Kg8 25. Re1 Qd6 26. Kb1 Rb7 27. Qg5+ Kf8 28.
Nc3 {con clarisima ventaja de las blancas, que acabaron imponiendo.1-0 Zapata,
A (2454)-Clavijo,J (2388) Fusagasuga 1999}) 15... Rd8 16. Bb3 $5 {Amenazando
c4 y poniendo el alfil a buen recaudo.} (16. Nc5 Rb8 17. Bb3) 16... Bf5 17. g4
{lo más directo y lo mejor.} (17. Nc5 e5 18. Qh4 Qb6) 17... Nf4 ({volver con
el alfil es posible, pero no agradable.} 17... Be6 18. Nc5 Nf4 19. Nxe6 Nxe6)
18. Qe3 Be6 19. h4 (19. Bxe6 Nxe6 {No ocasiona mayores problemas a las negras.}
) 19... Bxb3 20. axb3 Ng2 $5 {Casilla que habitualmente ocupa un alfil.La
clave es que inexorablemente se cambiaran damas en f4.} (20... Nd5) 21. Rxd8+
Rxd8 22. Qe4 Qf4+ 23. Qxf4 Nxf4 {Ivanchuk no ha sacado nada de ventaja y dan
ganas de jugar esta variante con las negras.} 24. Nc3 (24. Re1 Ng2 $5 {!de
nuevo!} 25. Rxe7 Nxh4 26. Re3 Rd4 {Y aún sufririan las blancas.}) 24... h5 $1 {
Intentando fijar el flanco de rey.} 25. Re1 hxg4 (25... e6 $5) 26. fxg4 Ne6 (
26... e6) 27. Ne4 (27. Re5 {Es un posible intento de crear ciertos problemas
al negro.}) 27... Kg7 28. b4 Rh8 29. Ng5 $1 ({No es tan buena} 29. Nc5 Nxc5 30.
bxc5 e6 $15) 29... Nxg5 30. hxg5 e6 31. Re4 (31. Re5 {Es similar.}) 31... Rb8
32. Rc4 Rb5 33. Rxc6 Rxb4 34. c4 a5 35. Kb1 (35. Kc2 a4 36. Kc3 Rb3+ 37. Kc2
Rg3 38. Ra6 Rxg4 39. Rxa4 {Debe ser igualdad, aunque parece más venenoso por
parte de las blancas.}) 35... e5 36. Rc5 e4 37. Rxa5 Rxc4 38. Re5 e3 39. Rxe3
Rxg4 40. Re5 f5 41. gxf6+ Kxf6 {El resto es sencillo.} 42. Re8 g5 43. Kc2 Rf4
44. Rf8+ Ke5 45. Rxf4 Kxf4 46. b4 g4 47. b5 Ke5 48. b6 Kd6 49. b7 Kc7 50. b8=Q+
Kxb8 51. Kd3 1/2-1/2

[Event "Final"]
[Site "?"]
[Date "2009.06.08"]
[Round "2.1"]
[White "Carlsen, Magnus"]
[Black "Ivanchuk, Vassily"]
[Result "1/2-1/2"]
[WhiteElo "2770"]
[BlackElo "2746"]
[PlyCount "76"]
[EventDate "2009.06.07"]
[EventType "tourn"]
[EventRounds "4"]
[SourceDate "2009.06.07"]

1. d4 Nf6 2. c4 e6 3. Nc3 d5 4. cxd5 exd5 5. Bg5 c6 6. e3 Be7 7. Qc2 O-O 8. Bd3
Nbd7 9. Nge2 Re8 10. O-O Nf8 11. Rae1 Be6 12. f3 Rc8 13. Kh1 N6d7 14. Bxe7 Qxe7
({A Kasparov le comieron con torre. Cosa que casi nadie ha repetido....} 14...
Rxe7 15. Nf4 Rc7 16. Qf2 Nf6 17. e4 dxe4 18. fxe4 Rcd7 19. d5 cxd5 20. Bb5 Rc7
21. exd5 Bd7 22. Be2 Rc8 23. Qxa7 b6 24. Qa6 Ne4 25. d6 Nxd6 26. Nfd5 Re5 27.
Qxb6 Nf5 28. Qxd8 Rxd8 29. Bd3 Rxe1 30. Rxe1 Ng6 31. a4 Kf8 32. a5 Nd4 33. Bxg6
hxg6 34. Rd1 Ne6 35. Nb6 Bc6 36. Rxd8+ Nxd8 37. b4 Ne6 38. b5 {1-0 Kasparov,G 
(2750)-Andersson,U (2605) Belfort 1988}) 15. Nf4 (15. Qd2 Nb6 16. b3 Rcd8 17.
a4 Qb4 18. Ne4 Qxd2 19. Nxd2 $11 {Lutz,C (2605)-Jussupow,A (2630)Tilburg 1993})
(15. Ng3 $5 Nb6 16. Qf2 c5 17. a3 a6 18. f4 f6 19. e4 dxe4 20. Ncxe4 cxd4 21.
Nh5 Qf7 22. Qh4 Bc4 23. Nd6 Qd7 24. Rxe8 Bxd3 25. Qg3 Bg6 26. Qb3+ Kh8 27. Nxc8
Qxe8 28. Nd6 Qd7 29. Qxb6 Bxh5 30. Qxd4 Qc6 31. Re1 h6 32. h3 Ng6 33. Re8+ Kh7
34. Qc4 Nxf4 35. Qxc6 bxc6 36. Re7 Kg8 37. Kh2 Nd5 38. Ra7 Be2 39. Nf5 g5 40.
Nxh6+ Kf8 41. Nf5 Ke8 42. Nd4 {1-0 Bareev,E (2709)-Jussupow,A (2628)Frankfurt
2000}) 15... Qd6 16. Qf2 (16. Qd2 Rcd8 17. e4 dxe4 18. Nxe4 Qc7 19. Nh5 f6 20.
Qb4 Bd5 21. Bc4 Re6 22. Bxd5 cxd5 23. Nc3 Nb6 24. Rxe6 Nxe6 25. Re1 Qf7 26. Ng3
Re8 27. Nf5 Nf4 28. Rxe8+ Qxe8 29. Qe7 $11 {1/2-1/2 Sakaev,K (2629)-Asrian,K 
(2572)Dubai 2000}) 16... f6 {!La novedad!} (16... Ng6 17. Nfe2 Qb4 18. Ng3 Nf6
{1/2-1/2 Malgina,T (2342)-Guramishvili,S (2281)St Petersburg 2009}) 17. Nxe6 (
17. h4 $5) 17... Nxe6 18. f4 $1 Ndf8 (18... b5) (18... Rcd8) 19. e4 $5 {Ahora
parece precipitado este avance central.} (19. Kg1 {o}) (19. a3) 19... dxe4 20.
Nxe4 Qd5 $2 ({No, por supuesto} 20... Qxd4 $2 21. Qxd4 Nxd4 22. Nd6 Rxe1 23.
Rxe1 Rb8 (23... Rd8 24. Bc4+) 24. Bc4+ Kh8 25. Nf7+ Kg8 26. Nd8+ Kh8 27. Re8 {
ganando. Pero}) (20... Qd7 21. f5 Nxd4 22. Bc4+ Kh8 23. Nc5 Qd6 24. Nxb7 Qb4 {
Mantendria a las negras en la partida.}) 21. Rd1 $4 (21. f5 $3 {era
practicamente decisiva} Nxd4 22. Qg3 $1 {La clave.} Rxe4 23. Bxe4) 21... f5 $1
22. Nc3 Qxd4 {Ahora si.} 23. Bxf5 Qxf2 24. Rxf2 Rcd8 {las negras solucionaron
todos sus problemas.} 25. Rxd8 Rxd8 26. g3 Kf7 27. Kg2 Nc5 (27... Nd4 {Era más
activa, pero similar} 28. Rd2 Nfe6) 28. Re2 g6 29. Bc2 a5 $1 {Solidificando el
caballo de c5} 30. a3 Rd4 $1 {impidiendo b4} 31. Bb1 Nfd7 32. Ba2+ Kf8 33. Kf3
Nf6 34. Re5 Nfd7 35. Re3 Nf6 36. Re5 Nfd7 37. Re2 {No se ve el posible
progreso del blanco} Nf6 38. Re5 Nfd7 1/2-1/2

[Event "Final"]
[Site "?"]
[Date "2009.06.09"]
[Round "3.1"]
[White "Ivanchuk, Vassily"]
[Black "Carlsen, Magnus"]
[Result "1-0"]
[WhiteElo "2746"]
[BlackElo "2770"]
[PlyCount "125"]
[EventDate "2009.06.07"]
[EventType "tourn"]
[EventRounds "4"]
[SourceDate "2009.06.07"]

1. e4 c5 2. Nf3 d6 3. d4 cxd4 4. Nxd4 Nf6 5. Nc3 g6 {Magnus insiste con su
Dragón} 6. Be3 Bg7 7. f3 Nc6 8. Qd2 O-O 9. O-O-O d5 10. exd5 Nxd5 11. Nxc6 bxc6
12. Bd4 Bxd4 13. Qxd4 Qb6 14. Bc4 {Permitiendo la debilitación de la
estructura de peones a cambio de activar rápidamente sus piezas} ({En la
primera partida de esta final Ivanchuk prefirió} 14. Na4 {que no le reportó
ventaja alguna.}) 14... Qxd4 {después de una larga reflexión} ({En la vieja
partida, el GM Kudrin perdió con un jovencísimo Emil Suitovsky tras} 14... Ne3
15. Rd2 Nxc4 16. Qxc4 Be6 17. Qf4 Rab8 18. b3 Qa5 19. Kb2 Rb4 20. Qe3 Rfb8 21.
h4 Qc7 22. Ne2 c5 23. h5 a5 24. hxg6 hxg6 25. c3 R4b6 26. Nc1 a4 27. g4 axb3
28. a3 Bc4 29. Rdh2 e5 30. Qg5 {1-0 Sutovsky,E (2410)-Kudrin,S (2555)/
Philadelphia 1993/EXT 97}) 15. Rxd4 Nxc3 16. bxc3 Rb8 $1 {Magnus se adelanta a
la torre blanca, con esta maniobra logra defender cómodamente sus puntos
débiles en el flanco de dama} 17. Re1 Rb7 18. Re5 Rc7 19. a4 Kg7 20. a5 Kf6 21.
Rc5 e6 22. h4 h6 23. f4 {Con más espacio Ivanchuk intenta reducir a la
pasividad las piezas negras, pero no se vislumbra un plan que pueda llegar a
quebrar las bien organizadas defensas negras.} h5 24. Kd2 Ke7 25. Ke3 Rd8 26.
g3 Rd6 27. Kd3 ({Siempre se está a tiempo de meter la pata. El intento de
centralizar el rey con} 27. Ke4 $4 {se encuentra con el siguiente mazazo} Rd5
$1 {y las blancas pueden abandonar, como puede comprobarse calculando un par
de sencillas variantes}) 27... Rdd7 28. Kd2 {No hay posible pogreso} Rd6 29.
Ke3 Rdd7 30. Rd3 ({Un intento como} 30. Rxd7+ $2 Bxd7 31. Kd4 Kd6 32. Be2 f6 {
sólo beneficia a las negras}) 30... Rd6 31. Ke4 Rdd7 32. Kf3 Rd6 33. Ke3 Rdd7
34. Bb3 {el alfil se dirige a la casilla a4} Rd6 35. Ba4 Ba6 36. Rd4 Bf1 37.
Kf2 Ba6 38. Kf3 Bb7 39. Ke3 Rd5 $1 {por fin las negras hacen una jugada activa
que modifica la estructura de peones} 40. Rdxd5 exd5 41. a6 Bxa6 $6 ({Las
negras tenían a su disposición} 41... Ba8 $5 42. Kd4 Kd6 43. c4 Re7 {activando
su torre, con perspectivas de alcanzar incluso ventaja}) 42. Rxc6 Rxc6 43. Bxc6
Kd6 44. Be8 Bc4 45. Kd4 a5 $1 46. Ba4 ({desde luego es un suicidio merendarse
el de f7} 46. Bxf7 $4 a4 {y las negras consiguen un Q en pocas jugadas}) 46...
f6 47. Ke3 ({el intento} 47. Bb3 Bxb3 48. cxb3 {no resulta por} f5 ({pero no} 
48... Kc6 49. g4 {y las blancas ganan porque las negras no pueden para f5.}))
47... Ke7 48. Kd2 Ke6 49. Ke3 Ke7 50. Bc6 Kd6 $2 {ahora las negras pierden un
peón} ({Mantiene el equilibrio} 50... Kf7) 51. Be8 Ke6 52. Bxg6 a4 53. Kd2 Be2
54. Kc1 a3 55. Kb1 d4 {el último recurso de contrajuego} 56. cxd4 Kd5 57. c3
Kc4 58. Ka2 Kxc3 59. d5 $1 {La jugada ganadora las blancas logran comer en h5
a cambio del peón d} Bc4+ 60. Kxa3 Bxd5 61. Bxh5 Be4 62. Bf7 Kd4 63. h5 {y la
amenaza Bg6 decide la partida.  A Ivanchuk le basta hacer tablas en la cuarta
partida para proclamarse campeón por segunda vez} 1-0

[Event "Final"]
[Site "?"]
[Date "2009.06.10"]
[Round "4.1"]
[White "Carlsen, Magnus"]
[Black "Ivanchuk, Vassily"]
[Result "1-0"]
[WhiteElo "2770"]
[BlackElo "2746"]
[PlyCount "121"]
[EventDate "2009.06.07"]
[EventType "tourn"]
[EventRounds "4"]
[SourceDate "2009.06.07"]

1. d4 d5 2. c4 e6 3. Nc3 c6 4. e3 ({Carlsen obligado a ganar, sin embargo no
acepta la invitación de su rival de jugar el agudo Gambito eslavo que empieza
con} 4. e4) 4... Bd6 5. Bd3 f5 6. Nge2 Nf6 7. Qc2 {Una antigua línea poco
frecuente en nustros días entre los grandes. debemos remontarnos a 1950 para
encontar su de momento de mayor protagonismo en el match por el Campeonato del
Mundo entre Mihail Botvinnik y David Bronstein} O-O 8. f3 Kh8 9. Bd2 a6 {
preparando b5} ({Las negras lograron empatar contra un durísimo rival con} 9...
Qe7 10. O-O dxc4 11. Bxc4 Nbd7 12. Ng3 b5 13. Bd3 b4 14. Na4 c5 15. dxc5 Nxc5
16. Nxc5 Bxc5 17. Rac1 Bb6 18. Kh1 Bb7 19. e4 Rac8 20. Qb3 fxe4 21. Rxc8 {1/
2-1/2 Sargissian,G (2678)-Zhigalko,S (2587)/Moscú 2009}) 10. c5 ({directamente
} 10. O-O-O {se encuentra con} b5 11. c5 Bc7 {con una versión mejor que la de
la patida}) 10... Bc7 11. O-O-O e5 12. dxe5 Bxe5 13. f4 (13. Bxf5 Bxf5 14. Qxf5
Nbd7 {ofrece juego activo a las negras}) 13... Bc7 14. Nd4 Ne4 15. Nxe4 fxe4
16. Be2 b6 {debilita el flanco de dama pero un juego pasivo permitiría
movilizar los perones blancos del flanco de rey lo que a medio plazo sería sin
duda muy peligroso} 17. cxb6 Bxb6 18. Bb4 Rf6 19. Kb1 a5 20. Bc3 Ba6 21. g4 $1
{la avalancha de peones es muy peligrosa de todas maneras. las blancas y
disfrutan ya de una peligrosa iniciativa} Bxe2 22. Qxe2 Nd7 23. g5 Bxd4 $1 24.
Bxd4 ({desde luego no} 24. gxf6 Bxc3 25. bxc3 Qxf6 {que ofrece muy buen juego
a las negras}) 24... Rd6 25. h4 Qf8 26. h5 Kg8 27. Qg4 Re8 28. Rhf1 c5 $2 {un
serio error en una posición muy delicada} 29. Be5 $1 {las negras no pueden
capturar en e5} Rde6 30. Bc3 $6 ({dejando pasar la oportunidad de golpear con} 
30. h6 $1) 30... d4 $1 {ahora Ivanchuk consigue complicar la posición} 31. exd4
e3 32. d5 $6 ({mucho mejor es mantener las amenazas con} 32. Rfe1) 32... Re4 $1
{la amenaza e2 salva a las negras} 33. Rfe1 Ne5 $2 ({en la sala de prensa eran
mayoría los partidarios de} 33... Qd6 {que mantiene la tensión y pone máximas
las dificultades al bando que tiene ventaja}) 34. Bxe5 R8xe5 35. Rxe3 $1 {Este
golpe acal la posición y potencia al máximo el peón pasado de las blancas que
ya tienen gran ventaja} Rxf4 36. Qe2 $6 ({Es mucho mejor} 36. Qh3 {impidiendo
el jaque en f5}) 36... Qf5+ 37. Ka1 Rd4 $1 {De nuevo Ivanchuk aprovecha las
imprecisiones de su rival.} 38. Re1 Rxe3 39. Qxe3 Rxd5 $1 40. a3 ({no sirve} 
40. Qe8+ Qf8 41. Qe6+ Qf7 42. Qc8+ Qf8 {y no vale} 43. Re8 Rd1#) ({la jugada
de  Rybka} 40. b4 {puede ser muy buena pero.... ?quién se atreve a jugarla?}) {
las negras no acierta en una posición que está cogida con alfileres} 40... Qd7
$2 41. Qb3 $1 a4 42. Qc4 {la clavada es terrible} Kf8 {única porque} (42... Kh8
43. Qxd5 Qxd5 44. Re8+ Qg8 45. Rxg8+ Kxg8 46. b3 {y las blancas ganan}) 43. Ka2
({dejsando escapar una vez más la victoria que se obtenía con} 43. Rf1+ Ke7 44.
Qe4+ Qe6 45. Qf4 $1) 43... Rf5 $1 44. Ka1 $3 {las negras están casi en zugzwang
} Rd5 45. Rc1 {!Carlsen no quiere jugar Rf1!} Ke7 46. g6 hxg6 47. hxg6 Kf6 $1 {
a lo Lasker, el rey participa en el final !aunque haya damas en el tablero!}
48. Qc2 Rf5 49. Rd1 Qc6 50. Rg1 Qd7 (50... Rf4) 51. Rd1 Qc6 52. Rg1 Qd7 53. Qc4
Re5 54. Qh4+ Ke6 55. Qg4+ Ke7 56. Qh4+ Kd6 $4 {Por alguna razón incomprensible
ivanchuk no repite posiciones Ke6. La jugada de la partida pierde forzado} 57.
Rd1+ Rd5 58. Qf4+ $1 Kc6 59. Qxa4+ Kc7 60. Qa7+ Kc6 61. Qa8+ {ganando la torre
y la partida.  Una partida emocionanteÑ el Magistral se decidirá en dos
partidas rápidas de 5 minutos + 3 segundos de incremento por jugada.} 1-0